Statistics for Квиз о Хрватској

Click here to take the quiz!

General Stats

  • This quiz has been taken 499 times
  • The average score is 13 of 18

Answer Stats

ОписОдговор% Correct
Главни градЗагреб
99%
Море на које Хрватска излазиЈадранско море
99%
Држава чији је била део од 1918–1991Југославија
96%
Бивша валутаКуна
96%
Полуострво на којем лежи ХрватскаБалкан
93%
Држава са којом има најдужу границуБосна и Херцеговина
91%
Други највећи градСплит
88%
Међународна организација којој се придружила 2013.Европска Унија
84%
Хрвати су огромном већином верници ове религијеКатоличка
84%
Фудбалер који је освојио Златну лопту 2018.Лука Модрић
84%
Град, некад независна република, на југу ХрватскеДубровник
74%
Регија која чини приморску половину ове државеДалмација
65%
Италијански град који је контролисао скоро целу
хрватску обалу током Средњег века
Венеција
61%
Полуострво на северозападу ХрватскеИстра
57%
Два највећа острва (именуј било које)Црес | Крк
41%
Хрватски национални јунак, рођен у ПетроварадинуЈосип Јелачић
35%
Римски цар који је изградио палату у
граду изнад
Диоклецијан
32%
Планински ланац који се простире дуж хрватске обалеДинарски {Алпи}
28%

Score Distribution

Percentile by Number Answered

Percent of People with Each Score

Your Score History

You have not taken this quiz